Je značka projektu Západočeské baroko vidět?

Projekt Západočeské baroko, ktorého jadrom je Letný barokový festival s ôsmimi slávnostnými akciami v Plzenskom kraji. Ochranná známka projektu - guľaté logo s vežičkou kostola v Mariánskej Týnici. Marketingová komunikácia značky. Prieskum, ktorého cieľom bolo zistiť, v akej miere zaujme pozornosť r...

Ausführliche Beschreibung

Gespeichert in:
Bibliographische Detailangaben
1. Verfasser: Bryndáčová, Lucie
Weitere Verfasser: Janeček, Petr
Format: Buchkapitel
Sprache:Tschechisch
Schlagworte:
Tags: Tag hinzufügen
Keine Tags, Fügen Sie das erste Tag hinzu!

MARC

LEADER 00000naa a2200000 4500
001 0258826
005 20191008131438.5
041 0 |a cze 
044 |a CZ 
245 1 0 |a Je značka projektu Západočeské baroko vidět?  |c Lucie Bryndáčová, Petr Janeček 
520 |a Projekt Západočeské baroko, ktorého jadrom je Letný barokový festival s ôsmimi slávnostnými akciami v Plzenskom kraji. Ochranná známka projektu - guľaté logo s vežičkou kostola v Mariánskej Týnici. Marketingová komunikácia značky. Prieskum, ktorého cieľom bolo zistiť, v akej miere zaujme pozornosť respondentov logo umiestnené na webovej stránke a na tlačenom letáku. Testovanie očnou kamerou. Výsledok prieskumu. 
610 2 0 |a logo 
610 2 0 |a značky 
610 2 0 |a marketing 
610 2 0 |a komunikácia marketingová 
610 2 0 |a nástroje marketingové 
610 2 0 |a projekty 
610 2 0 |a Česko 
100 1 |a Bryndáčová, Lucie 
700 1 |a Janeček, Petr